Proceedings : Volume 1 - Rapid Excavation and Tunneling Conference San Francisco, California, June 24 - 27, 1974 / (Record no. 27085)

000 -LEADER
fixed length control field 01378nam a22003017a 4500
001 - CONTROL NUMBER
control field 0000000626
003 - CONTROL NUMBER IDENTIFIER
control field PPM
005 - DATE AND TIME OF LATEST TRANSACTION
control field 20260115115532.0
008 - FIXED-LENGTH DATA ELEMENTS--GENERAL INFORMATION
fixed length control field 260115b ||||| |||| 00| 0 eng d
020 ## - INTERNATIONAL STANDARD BOOK NUMBER
Terms of availability RM 89.00
Qualifying information Hardback
035 ## - SYSTEM CONTROL NUMBER
System control number 0000000626
040 ## - CATALOGING SOURCE
Original cataloging agency PPM
Language of cataloging Eng
Transcribing agency Pusat Penyelidikan Mineral, Jabatan Mineral Dan Geosains Malaysia,
Modifying agency PPM
Description conventions rda
082 00 - DEWEY DECIMAL CLASSIFICATION NUMBER
Edition number 19
Classification number 624
Item number PRO 1974
245 14 - TITLE STATEMENT
Title Proceedings : Volume 1 - Rapid Excavation and Tunneling Conference San Francisco, California, June 24 - 27, 1974 /
Statement of responsibility, etc. edited by Harry C. Pattison, Elio D'Appolonia
260 #1 - PUBLICATION, DISTRIBUTION, ETC.
Place of publication, distribution, etc. New York :
Name of publisher, distributor, etc. Society of Mining Engineers of the American Institute of Mining, Metallurgical, and Petroleum Engineers,
Date of publication, distribution, etc. 1974
300 00 - PHYSICAL DESCRIPTION
Extent xiii, 954 pages .:
Other physical details table, illustrations .;
Dimensions 23 cm
500 ## - GENERAL NOTE
General note Issued by: Society of Mining Engineers of AIME, 1974-1987; by: Society for Mining, Metallurgy, and Exploration, 1989
504 ## - BIBLIOGRAPHY, ETC. NOTE
Bibliography, etc. note Includes bibliographical references and indexs
650 10 - SUBJECT ADDED ENTRY--TOPICAL TERM
Topical term or geographic name entry element Tunneling .
General subdivision Congresses
650 20 - SUBJECT ADDED ENTRY--TOPICAL TERM
Topical term or geographic name entry element Excavation
General subdivision Congresses
650 20 - SUBJECT ADDED ENTRY--TOPICAL TERM
Topical term or geographic name entry element Underground construction
General subdivision Congresses
700 1# - ADDED ENTRY--PERSONAL NAME
Personal name Pattison, Harry C.
Relator term author
700 1# - ADDED ENTRY--PERSONAL NAME
Personal name D'Appolonia, Elio
Relator term author
711 2# - ADDED ENTRY--MEETING NAME
Meeting name or jurisdiction name as entry element American Society of Civil Engineers
711 2# - ADDED ENTRY--MEETING NAME
Meeting name or jurisdiction name as entry element Society of Mining Engineers of AIME
711 2# - ADDED ENTRY--MEETING NAME
Meeting name or jurisdiction name as entry element Society for Mining, Metallurgy, and Exploration (U.S.)
942 ## - ADDED ENTRY ELEMENTS (KOHA)
Source of classification or shelving scheme
Koha item type Books
Holdings
Withdrawn status Lost status Source of classification or shelving scheme Damaged status Not for loan Collection code Permanent Location Current Location Shelving location Date acquired Cost, normal purchase price Total Checkouts Full call number Date last seen Price effective from Koha item type
Available         Open Shelf PPM PPM Open Shelf 15/01/2026 89.00   624 PRO 1974 15/01/2026 15/01/2026 Books